[Event "CZE-chT2D 1617"]
[Site "Czech Republic"]
[Date "2017.02.26"]
[Round "9.8"]
[White "Seidl, Zdenek"]
[Black "Lipavsky, Dusan"]
[Result "1-0"]
[WhiteElo "1862"]
[BlackElo "1974"]
[PlyCount "73"]
[EventDate "2016.10.09"]
[EventType "team-tourn"]
[EventRounds "11"]
[EventCountry "CZE"]
[SourceTitle "EXT 2022"]
[Source "ChessBase"]
[SourceDate "2021.10.06"]
[SourceVersion "1"]
[SourceVersionDate "2021.10.06"]
[SourceQuality "1"]
[WhiteTeam "Pardubice Rapid II"]
[BlackTeam "Vysoke Myto"]
[WhiteTeamCountry "CZE"]
[BlackTeamCountry "CZE"]

1. d4 f5 2. Nc3 Nf6 3. Bf4 g6 4. h3 Bg7 5. Nf3 d6 6. e3 c6 7. Bd3 e6 8. g4 Qe7 9. gxf5 exf5 10. Qe2 Ne4 11. 0-0-0 Nd7 12. Nd2 Nxc3 13. bxc3 d5 14. Nb1 Nf6 15. c4 Be6 16. c5 b6 17. Bd6 Qd7 18. c3 Bf8 19. Be5 Be7 20. cxb6 axb6 21. Rd2 Kf7 22. h4 Rhg8 23. h5 g5 24. f3 h6 25. Rb2 b5 26. Qc2 Ra7 27. e4 dxe4 28. fxe4 f4 29. d5 cxd5 30. exd5 Qxd5 31. Bg6+ Kf8 32. Re1 Rxa2 33. Rxa2 Qxa2 34. Bxf6 Bxf6 35. Qe4 Bd7 36. Qb4+ Kg7 37. Re7+ 1-0

[Event "CZE-chT2D 1516"]
[Site "Czech Republic"]
[Date "2016.02.21"]
[Round "8.8"]
[White "Seidl, Zdenek"]
[Black "Linhart, Zbynek"]
[Result "1-0"]
[WhiteElo "1874"]
[BlackElo "1960"]
[PlyCount "127"]
[EventDate "2015.10.18"]
[EventType "team-tourn"]
[EventRounds "11"]
[EventCountry "CZE"]
[SourceTitle "EXT 2022"]
[Source "ChessBase"]
[SourceDate "2021.10.06"]
[SourceVersion "1"]
[SourceVersionDate "2021.10.06"]
[SourceQuality "1"]
[WhiteTeam "Pardubice Rapid II"]
[BlackTeam "Chrudim"]
[WhiteTeamCountry "CZE"]
[BlackTeamCountry "CZE"]

1. d4 d5 2. Nf3 Nf6 3. c4 dxc4 4. Qa4+ Nbd7 5. Qxc4 e6 6. Bf4 Nd5 7. Bg3 Bb4+ 8. Nbd2 N7f6 9. a3 Be7 10. e4 Nb6 11. Qxc7 0-0 12. Qxd8 Bxd8 13. Rc1 Bd7 14. Bd6 Re8 15. Bd3 Nc8 16. Bg3 Ne7 17. Ne5 Bc8 18. 0-0 Nh5 19. Bb5 Rf8 20. Bh4 f6 21. Nef3 a6 22. Ba4 b5 23. Bc2 Bb6 24. Nb3 g5 25. Bg3 Nxg3 26. hxg3 g4 27. Nh2 h5 28. Rfd1 f5 29. Nc5 fxe4 30. Bxe4 Ra7 31. b4 a5 32. Nf1 axb4 33. axb4 Ra2 34. Rd2 Rxd2 35. Nxd2 Rd8 36. Ndb3 Nd5 37. Bxd5 exd5 38. Re1 Kf7 39. Nc1 Re8 40. Rxe8 Kxe8 41. N1d3 Bc7 42. Nf4 Bxf4 43. gxf4 Ke7 44. g3 Kf6 45. Kg2 Kf5 46. f3 h4 47. Nd3 h3+ 48. Kh2 gxf3 49. Nf2 Bd7 50. Kxh3 Be8 51. Kh2 Bf7 52. Kg1 Be8 53. Kf1 Bf7 54. Ke1 Be8 55. Kd2 Bf7 56. Ke3 Bh5 57. Nd1 Kg4 58. Kf2 Kf5 59. Nc3 Ke6 60. Nxb5 Bg4 61. Nc3 Kd6 62. Nd1 Kc6 63. Ne3 Be6 64. f5 1-0